000 00269nam a2200109Ia 4500
008 220204s9999 xx 000 0 und d
082 _a32 (540)
_bCHI
100 _aChirol, Valentine
245 0 _aIndian unrest
260 _aNew Delhi
_bLight and Life
_c1979
942 _cBK
999 _c34620
_d34620